| 000 | 01710nam0a22003371 4500 | ||
|---|---|---|---|
| 001 | v19\rc\1791600 | ||
| 005 | 20090310134242.7 | ||
| 035 | _a(NLR Aleph) 005232503 | ||
| 090 |
_a5620317 _c5620317 |
||
| 100 | _a20061204e19051905|||y0rusy50 ca | ||
| 101 | 1 |
_arus _cswe |
|
| 102 | _aRU | ||
| 105 | _ay z |||h| | ||
| 200 | 1 | _aРечь, произнесенная ректором Karolin'ского института в Stockholm'е проф., гр. К.А.Н. Mörner'ом 27-го ноября (10-го декабря) 1904 г. на главном торжестве раздачи Нобелевских премий [о присуждении премии Ивану Петровичу Павлову]... | |
| 210 |
_a[Санкт-Петербург] _cтип. Я. Трей _dценз. 1905 |
||
| 215 |
_a8 с. _d21 |
||
| 300 | _aВ конце текста пер.: Е. Ганике | ||
| 309 | _aБез тит. л. и обл. | ||
| 311 | _aОтт. из "Рус. врача", № 1 | ||
| 488 | 0 | _12001#$aРусский врач$v№ 1 | |
| 700 | 1 |
_6z01790 _aМернер _bК. А. Х. _f1854-1917 _gКарл Аксель Хампус _3RU\NLR\AUTH\7774443 _7ca |
|
| 702 | 1 |
_aПавлов _bИ. П. _cфизиолог _f1849-1936 _gИван Петрович _3RU\NLR\AUTH\7764869 _4570 _7ca |
|
| 702 | 1 |
_aГанике _bЕ. А. _f1869-1948 _gЕвгений Александрович _4730 |
|
| 790 | 1 |
_6z01700 _aМернер _bК. А. Х. _f1854-1917 _gКарл Аксель Хампель |
|
| 801 | 0 |
_aRU _bNLR _c20061204 _gpsbo |
|
| 801 | 0 |
_aRU _bRuMoRGB _c20061204 _2psbo |
|
| 801 | 1 |
_aRU _bProSoft-M _c20061204 _2rusmarc |
|
| 801 | 2 |
_aRU _bNLR _c20090305 _2rusmarc |
|
| 852 |
_aNLR _j34.84.7.708 |
||
| 942 | _cBOOK | ||
| 980 | _aNB | ||